Normal view
MARC view
- Mouth
Entry Topical Term
001 - CONTROL NUMBER
- control field: 36856
003 - CONTROL NUMBER IDENTIFIER
- control field: OSt
005 - DATE AND TIME OF LATEST TRANSACTION
- control field: 20141210132905.0
008 - FIXED-LENGTH DATA ELEMENTS
- fixed length control field: 141210|| aca||babn | a|a d
040 ## - CATALOGING SOURCE
- Original cataloging agency: OSt
150 ## - HEADING--TOPICAL TERM
- Topical term or geographic name as entry element: Mouth
- General subdivision: Surgery
450 ## - SEE FROM TRACING--TOPICAL TERM
- Topical term or geographic name entry element: Dental surgery
450 ## - SEE FROM TRACING--TOPICAL TERM
- Topical term or geographic name entry element: Oral surgery
450 ## - SEE FROM TRACING--TOPICAL TERM
- Topical term or geographic name entry element: Surgery, Dental
450 ## - SEE FROM TRACING--TOPICAL TERM
- Topical term or geographic name entry element: Surgery, Oral
550 ## - SEE ALSO FROM TRACING--TOPICAL TERM
- Topical term or geographic name entry element: Oral surgeons